Loading...
| Science - Other | 0 | 5 | 0 | 2 | 50 | 127 | 134.60 | 2 | 5 | 0.00 | 0.00 |
| Science - Physics | 0 | 4 | 0 | 0 | 40 | 98 | 113.50 | 0 | 4 | 0.00 | 0.00 |
| History - World | 0 | 4 | 2 | 0 | 30 | 81 | 106.25 | 3 | 4 | 0.00 | 0.00 |
| Science - Chemistry | 0 | 3 | 1 | 1 | 25 | 130 | 139.33 | 1 | 3 | 0.00 | 0.00 |
| Science - Math | 1 | 0 | 0 | 0 | 15 | 80 | 80.00 | 1 | 1 | 0.00 | 0.00 |
| Current Events | 0 | 1 | 0 | 1 | 10 | 130 | 130.00 | 0 | 1 | 0.00 | 0.00 |
| Literature - Drama | 0 | 1 | 0 | 0 | 10 | 71 | 71.00 | 1 | 1 | 0.00 | 0.00 |
| Social Science | 0 | 1 | 0 | 0 | 10 | 133 | 133.00 | 0 | 1 | 0.00 | 0.00 |
| History - European | 0 | 1 | 1 | 0 | 5 | 108 | 108.00 | 1 | 1 | 0.00 | 0.00 |
| Philosophy | 0 | 0 | 0 | 0 | 0 | 0.00 | 0 | 0 | 0.00 | 0.00 | |
| Other Academic | 0 | 0 | 1 | 0 | -5 | 0.00 | 0 | 0 | 0.00 | 0.00 | |
| Science - Biology | 0 | 0 | 1 | 0 | -5 | 0.00 | 0 | 0 | 0.00 | 0.00 | |
| Geography | 0 | 0 | 2 | 0 | -10 | 0.00 | 0 | 0 | 0.00 | 0.00 |